| 000 | 00461nam a2200181Ia 4500 | ||
|---|---|---|---|
| 001 | 14371 | ||
| 005 | 20260306164909.0 | ||
| 008 | 260306t1988||||xx |||||||||||||| ||spa|| | ||
| 041 | _aESP | ||
| 082 |
_a512.5 _bG86 |
||
| 100 |
_aGuerrero Casas, Flor María _eAUT |
||
| 245 | 0 | _aManual de Álgebra lineal para la economía y la empresa | |
| 260 | _c1988 | ||
| 300 |
_a276 páginas : _c23 cm. |
||
| 650 | _aGEN | ||
| 654 | _aCMA | ||
| 942 |
_cLIB _dJUS _fJUS _2ddc _n |
||
| 999 |
_c14371 _d14371 |
||